Tăng cường khai thác cơ hội phát triển thương mại của Việt Nam trong cộng đồng kinh tế ASEAN đến năm 2025
Saved in:
| Main Author: | |
|---|---|
| Format: | Sách |
| Language: | Undetermined |
| Published: |
Công thương
2021
|
| Subjects: | |
| Tags: |
Add Tag
No Tags, Be the first to tag this record!
|
| Institutions: | Trung tâm Thư viện - Trường Đại học Công nghiệp TP. Hồ Chí Minh |
|---|
| LEADER | 00598nam a2200157Ia 4500 | ||
|---|---|---|---|
| 001 | UIH_00117 | ||
| 008 | 230809s9999 xx 000 0 und d | ||
| 082 | |a 382 | ||
| 100 | |a Phạm, Văn Kiệm | ||
| 245 | 0 | |a Tăng cường khai thác cơ hội phát triển thương mại của Việt Nam trong cộng đồng kinh tế ASEAN đến năm 2025 | |
| 245 | 0 | |c Phạm, Văn Kiệm | |
| 260 | |b Công thương | ||
| 260 | |c 2021 | ||
| 650 | |a Thương mại; | ||
| 927 | |a Sách | ||
| 980 | |a Trung tâm Thư viện - Trường Đại học Công nghiệp TP. Hồ Chí Minh | ||